| 000 | 00821nkm a2200241 i 4500 | ||
|---|---|---|---|
| 001 | 47415 | ||
| 003 | ES-MaACL | ||
| 005 | 20250818063038.0 | ||
| 007 | k | ||
| 008 | 030424q1877 sp --- |00 ||spa d | ||
| 040 | _cES-MaACL | ||
| 100 | 1 |
_aRosell y Torres, Isidoro, _d1845-1879 _eetr _9151991 |
|
| 245 | 1 | 0 |
_aCaprichos de Alenza _h[Material gráfico] / _c[grabados por Isidoro Rosell y Torres]. |
| 260 |
_a[Madrid : _bs.n., _c1877] |
||
| 300 |
_a1 volumen (18 estampas.) : _baguafuerte y aguatinta ; _c46 cm. |
||
| 594 | _aGrabados basados en dibujos de Leonardo Alenza. | ||
| 650 | 4 |
_aAguafuerte- _zEspaña- _yS.XIX. _9160388 |
|
| 700 | 1 |
_aAlenza, Leonardo. _919744 _eaut |
|
| 852 |
_aES-MaACL _cDEPO _jArmario 17 |
||
| 942 |
_2udc _cDIBGRB _n0 |
||
| 999 |
_c47415 _d47415 |
||